LEADER 00934nam a2200229 i 4500 001 000000141493 003 CaOOAMICUS 005 20050720000000.0 008 050720s1966 it u000 u ita u 013 $a116082 040 $aSeMil$bita 100 1 $aLazzarini, Renato <1891-1974>.$0(OLS)http://semarc/name/35078 245 10$aSaggio di una filosofia della salvezza /$cRenato Lazzarini. 260 $aBologna :$bPàtron,$cCopyr. 1966. 300 $a247 p. ;$c23 cm. 490 0 $aCollana di saggi e ricerche ;$v4 650 4$aSalvezza - Filosofia.$0(OLS)http://semarc/subject/20423 830 0$aCollana di saggi e ricerche ;$v4.$0(OLS)http://semarc/title/402692 850 $aSeMil 852 $aSeMil$W1$xVenegono$y1$m2R II 282$j94731$B94731$CSeMilBibl$Z2$F100667 $81 996 $6245$aSaggio di una filosofia della salvezza$9(OLS)http://semarc/title/206759 996 $6260$aBologna :$bPàtron$9(OLS)http://semarc/publisher/30073 LEADER 01175nam a2200277 i 4500 001 000000216073 003 CaOOAMICUS 005 20121002000000.0 008 121002s2012 it u000 u ita u 013 $a194950 020 $a978-88-311-4815-3 040 $aSeMil$bita 245 10$aTeologia "in" Gesù /$cPiero Coda, Vincenzo Di Pilato (edd.) ; contributi di Bernhard Körner ... [et al.]. 260 $aRoma :$bCittà Nuova,$c2012. 300 $a211 p. ;$c20 cm. 490 0 $aContributi di teologia ;$v69 700 1 $aCoda, Piero,$d<1955- >.$0(OLS)http://semarc/name/325 700 1 $aKörner, Bernhard.$0(OLS)http://semarc/name/76546 700 1 $aDi Pilato, Vincenzo,$d<1970- >.$0(OLS)http://semarc/name/41256 830 0$aContributi di teologia ;$v69.$0(OLS)http://semarc/title/623 850 $aSeMil 852 $aSeMil$W1$xVenegono$y1$m2G I 239$j166493$B166493$CSeMilBibl$Z2$F177389 $81 961 $aSottoscrizione: Città Nuova (Agente) 996 $6020$a978-88-311-4815-3$9(OLS)http://semarc/number/212925 996 $6245$aTeologia "in" Gesù$9(OLS)http://semarc/title/310882 996 $6260$aRoma :$bCittà Nuova$9(OLS)http://semarc/publisher/29609